| 000 | 00670cam a22002293a 4500 | ||
|---|---|---|---|
| 001 | 23732 | ||
| 003 | PGUSA | ||
| 005 | 20140828083515.0 | ||
| 008 | 071204s2007||||xxu|||||s|||||000 1 eng d | ||
| 040 |
_aPGUSA _beng |
||
| 042 | _adc | ||
| 050 | 4 | _aPR | |
| 100 | 1 |
_aCross, Victoria, _d1868-1952 |
|
| 245 | 1 | 2 |
_aA Girl of the Klondike _h[electronic resource] / _cVictoria Cross |
| 260 |
_bProject Gutenberg, _c2007 |
||
| 506 | _aPublic domain in the USA. | ||
| 516 | _aElectronic text | ||
| 653 | _aKlondike River Valley (Yukon) -- Gold discoveries -- Fiction | ||
| 830 | 0 |
_aProject Gutenberg _v23732 |
|
| 856 | 4 | 0 | _uhttp://www.gutenberg.org/ebooks/23732 |
| 942 | _cEB | ||
| 999 |
_c252987 _d252987 |
||